Releasing trapped minds : The strategic role of managers in improving productivity in organizations

Bibliographic Details
Main Author: TAN
Format: Book
Published: Subang Jaya, Selangor : Pelanduk Pub. , 2000
Subjects:

MARC

LEADER 00000cam a2200000 7i4500
001 0000001073
005 20131215.0
020 0 0 |a 9679787125 
090 0 0 |a 658.406   |b TAN 2000 
100 1 0 |a TAN   |h Victor S. L. 
245 1 0 |a Releasing trapped minds :   |b The strategic role of managers in improving productivity in organizations   |c Victor S. L. Tan 
260 0 0 |a Subang Jaya, Selangor :   |b Pelanduk Pub. ,   |c 2000 
300 |a 167 p. ;   |c 22 cm. 
650 0 0 |a Executive ability 
650 0 0 |a Management 
650 0 0 |a Management   |x Psychological aspects 
650 0 0 |a Organizational change 
998 |a JPSM 
999 |a 0000002023   |b Monograph   |c Open Shelf   |e Default branch